Manual de prueba de funciones básicas PFB para predecir rendimiento en lectura y escritura

Պահպանված է:
Մատենագիտական մանրամասներ
Հիմնական հեղինակ: Berdicewski de Wainberg, Olga
Ձևաչափ: Գիրք
Լեզու:իսպաներեն
Հրապարակվել է: Galdoc. 1992.
Հրատարակություն:7ª ed.
Խորագրեր:
Ցուցիչներ: Ավելացրեք ցուցիչ
Չկան պիտակներ, Եղեք առաջինը, ով նշում է այս գրառումը!

MARC

LEADER 00000nam a22000005a 4500
001 3894
003 CL-ChBUA
005 20170320093944.0
007 ta
008 070301s1992 cl 000 0dspa
040 |a CL-ChBUA  |c CL-ChBUA  |e rda 
082 0 0 |a 372.4 
100 1 |a Berdicewski de Wainberg, Olga. 
245 1 0 |a Manual de prueba de funciones básicas PFB para predecir rendimiento en lectura y escritura 
250 |a 7ª ed. 
260 |b Galdoc.  |c 1992. 
300 |a 119 p.  |c 27 cm. 
504 |a Bibl., índice. 
650 4 |a LECTURA  |x PRUEBAS DE APTITUD 
650 4 |a ESCRITURA  |x PRUEBAS DE APTITUD 
942 |c LIB  |2 ddc 
945 |0 mcg 
952 |0 0  |1 0  |4 0  |7 0  |9 5723  |a UNACH  |b UNACH  |c 300  |d 2007-03-05  |i 26.460.  |l 0  |o 372.4 / B 486 1992.  |p 6722  |r 2013-01-08 00:00:00  |u 5723  |w 2012-08-08  |y LIB  |k 372.4 / B 486 1992. 
999 |c 3894  |d 3894